Normal view
MARC view
Entry Personal Name
001 - CONTROL NUMBER
- control field: 12436
003 - CONTROL NUMBER IDENTIFIER
- control field: OSt
005 - DATE AND TIME OF LATEST TRANSACTION
- control field: 20180206130419.0
008 - FIXED-LENGTH DATA ELEMENTS
- fixed length control field: 180206|| aca||aabn | a|a d
040 ## - CATALOGING SOURCE
- Original cataloging agency: OSt
- Transcribing agency: OSt
100 ## - HEADING--PERSONAL NAME
- Personal name: O'Neil, Cathy; Schutt, Rachel
670 ## - SOURCE DATA FOUND
- Source citation: Work cat.: (OSt): O'Neil, Cathy; Schutt, Rachel, Doing Data Science: straight talk from the frontline.
